000 00609nam a2200217Ia 4500
003 OSt
005 20220928144530.0
006 a|||||r|||| 00| 0
007 ta
008 220927b |||||||| |||| 00| 0 eng d
024 _a71444
037 _cTextual
040 _aSDCL
_cSDCL
_beng
041 _2eng
_aeng
082 _aW691:8.1'N8, M0
100 _aAdler Alan Ed.
_9508105
245 0 _aTheses, resolutions and manifestos of the first four congresses of the third internatinal.
260 _c1980
942 _hW691:8.1'N8, M0
_cTEXL
_2CC
999 _c827622
_d827622